000 00506nam a2200181Ia 4500
001 20891
005 20260306172839.0
008 260306t2021||||xx |||||||||||||| ||spa||
041 _aESP
082 _a343.8
_bO73
100 _aOrtega Salavarría, Rosa
_eAUT
245 0 _aPrincipales efectos tributarios por el estado de emergencia, paralización y reanudación de actividades
260 _c2021
300 _a350 páginas :
_c25 cm.
650 _aGEN
654 _aCCO
942 _cLIB
_dJUS
_fJUS
_2ddc
_n
999 _c20891
_d20891